Statistieken voor Knooppunten van Nederland

Klik hier om de quiz te nemen!

Algemene statistieken

  • Deze quiz is 18 keer genomen
  • De gemiddelde score is 30 van 103

Antwoordstatistieken

HintAntwoord% Correct
A1 - A28Hoevelaken
69%
A2 - A27Everdingen
63%
A4 - A12Prins Clausplein
56%
A6 - A27Almere
50%
A2 - A58Batadorp
50%
A12 - A27Lunetten
50%
A15 - A16Ridderkerk noord
50%
A15 - A16Ridderkerk zuid
50%
A7 - N31Zurich
50%
A2 - A10Amstel
44%
A1 - A35Azelo
44%
A15 - A27Gorinchem
44%
A7 - A32Heerenveen
44%
A6 - A7Joure
44%
A7 - A8Zaandam
44%
A4 - A9Badhoevedorp
38%
A1 - A50Beekbergen
38%
A9 - A22Beverwijk
38%
A12 - N11Bodegraven
38%
A1 - A35Buren
38%
A5 - A8 - A10Coenplein
38%
A4 - A10De nieuwe meer
38%
A1 - A9Diemen
38%
A6 - N50Emmeloord
38%
A12 - A50Grijsoord
38%
A28 - N7Julianaplein
38%
A28 - A32Lankhorst
38%
A2 - A12Oudenrijn
38%
A16 - A20Terbregseplein
38%
A15 - A50Valburg
38%
A9 - A22Velsen
38%
A2 - A65Vught
38%
A4 - A13Ypenburg
38%
A28 - N33Assen
31%
A50 - A326Bankhoef
31%
A4 - A15Benelux
31%
A4 - A44Burgerveen
31%
A4 - A5De hoek
31%
A2 - A67De hogt
31%
A2 - A15Deil
31%
A7 - N31 - N381Drachten
31%
A2 - A59Empel
31%
A12 - A20Gouwe
31%
A28 - A50 - N50Hattemerbroek
31%
A2 - A59Hintham
31%
A2 - A9Holendrecht noord
31%
A2 - A9Holendrecht zuid
31%
A28 - A37 - N48Hoogeveen
31%
A27 - A59Hooipolder
31%
A2 - A67Leenderheide
31%
A4 - A58Markiezaat
31%
A15 - A325Ressen
31%
A27 - A28Rijnsweerd
31%
A4 - A29 - A59Sabina
31%
A12 - A348 - N325Velperbroek
31%
A12 - A50Waterberg
31%
A1 - A10Watergraafsmeer
31%
A16 - A59Zonzeel
31%
A1 - A27Eemnes
25%
A2 - A50Ekkerswijer
25%
A50 - A73 - N322Ewijk
25%
A16 - A58Galder
25%
A2 - A73Het vonderen
25%
A37 - N34Holsloot
25%
A4 - A20Kethelplein
25%
A13 - A20Kleinpolderplein
25%
A2 - A79Kruisdonk
25%
A12 - A30Maanderbroek
25%
A1 - A6Muiderberg
25%
A12 - A18Oud-dijk
25%
A50 - A59Paalgraven
25%
A16 - A58Princeville
25%
A5 - A9Raasdorp
25%
A73 - A77Rijkevoort
25%
A27 - A58Sint Annabosch
25%
A15 - A29Vaanplein
25%
A4 - A58Zoomland
25%
A58 - A65De baars
19%
A28 - N34De punt
19%
A17 - A58De stok
19%
A29 - A59Hellegatsplein
19%
A9 - N9 - N242Kooimeer
19%
A76 - A79Kunderberg
19%
A73 - RW783Neerbosch
19%
A9 - A200 - N205Rottepolderplein
19%
A73 - A74Tiglia
19%
A67 - A73Zaarderheiken
19%
A58 - A256De poel
13%
A6 - N702Gooimeer
13%
A2 - A76Kerensheide
13%
A16 - A17 - A59Klaverpolder
13%
A17 - A59Noordhoek
13%
A20 - N213 - N223Westerlee
13%
A13 - A16Zestienhoven
13%
A12 - A15De liemers
6%
A58 - N62Stelleplas
6%
A76 - N281Ten Esschen
6%
A7 - N33Zuidbroek
6%
A58 - N57Arnestein
0%
A15 - A24Blankenburg
0%
A20 - A24Flordingaplein
0%
A4 - N434Hofvliet
0%
A44 - N434Ommedijk
0%

Scoreverdeling

Percentiel versus Aantal Correcte Antwoorden

Procent van Mensen met Elke Score

Uw Scoregeschiedenis

U heeft deze quiz nog niet genomen